Statistics for Marine Weapons

Click here to take the quiz!

General Stats

  • This quiz has been taken 765 times
  • The average score is 5 of 15

Answer Stats

HintAnswer% Correct
Primary assault rifleM-16
94%
Primary SidearmM9
72%
LMGM249 SAW
55%
Grenade Launcher (under barrell)M203
51%
CarbineM4A1
39%
Anti-Air MissileStinger
33%
Anti-Tank MissileJavelin
31%
Primary KnifeKA-BAR
31%
GrenadeM67
30%
LMGM240B
26%
HMGBrowning
17%
Grenade LauncherM32
16%
Smoke GrenadeM18
10%
Sniper RifleM40A5
9%
FlashbangM84
5%

Score Distribution

Percentile by Number Answered

Percent of People with Each Score

Your Score History

You have not taken this quiz